000 01063nam a2200325 i 4500
003 EG-GICUC
005 20260309085207.0
008 260309s1979 ne ||fr|||| 001 0 eng d
020 _a9024721423
040 _aEG-GiCUC
_beng
_cEG-GiCUC
_dEG-GiCUC
_erda
041 0 _aeng
082 0 4 _221
_a341.33
_bSE . D
092 0 4 _221
099 _aLaw1 11 341.33 SE . D 1979
100 1 _aSen, B
_eAuthor.
245 1 2 _aA Diplomat's Handbook Of International Law And Practice /
_c By B. Sen; With A Forsword By Sir Gerald Fitzmaurice.
264 1 _aThe Hague :
_bMartinus Nijhoff Publishers,
_c1979.
300 _a529 pages,
_c24 cm
336 _2rda content
_atext
337 _2rda media
_aComputer
338 _2rda carrier
_aOnline Resource
500 _a
504 _aIncludes bibliographical references and index.
546 _aText in English
650 1 4 _aPublic international law
700 1 _aFitzmaurice , Gerald
_epresenter
856 4 0 _uhttps://fll.law.cu.edu.eg/fulltext/bks/B11-06882pdf
905 _a48
942 _2ddc
_cBK
_e21
_n0
999 _c65868
_d65868